000 01286cam a22003617a 4500
003 CHAP
005 20220329142334.0
008 000817d2000 mx r 00110 esp d
010 _a82005
011 _a82977
035 _a93485
040 _cCHAP
082 0 4 _a631.7
_bS54
100 0 0 _aSilva Ochoa, Paula
_eed.
_9106026
245 1 0 _aUnidades de riego :
_bla otra mitad del sector agrícola bajo riego en México
_c/ed. por Paula Silva-Ochoa
260 _aMéxico, D. F. :
_bInstituto Internacional del Manejo del Agua,
_c2000.
300 _a92 p.
410 _aInstituto Internacional del Manejo del Agua
490 0 _aSerie latinoamericana
_v; 19
590 _aBATCH-UPD
_b10
_c20130110
_lUCH01
_h0614
590 _aBATCH-UPD
_b10
_c20130410
_lUCH01
_h0256
590 _aBATCH-UPD
_b10
_c20130914
_lUCH01
_h1210
590 _aCONVERSION
_b10
_c20130109
_lUCH01
_h1346
650 1 4 _aDistritos de riego
_xMéxico.
_932978
650 1 4 _aIrrigación
_xMéxico.
_960433
650 1 4 _aPolítica hidráulica
_xMéxico.
_990663
810 0 0 _aInstituto Internacional del Manejo del Agua
_959236
830 0 0 _aSerie latinoamericana
_v; 19
_9104944
901 _aBK
905 _aLilia Sánchez G.
942 _cLIBRO
949 _a631.7 S54
_bBC
_cLIBRO
_d33724000687752
_eLIBRO
_h98499
_i93485
_si
999 _c82005
_d82005